| 000 | 00703nam#a22003135ar4500 | ||
|---|---|---|---|
| 001 | 63 | ||
| 008 | 050929s1995####ag#a###d|####|||1#0|spa|d | ||
| 245 | 1 | 0 |
_aSida : _bmanual para todos / _cAlfredo Miroli. |
| 250 | _a2ª ed. | ||
| 260 |
_aTucumán : _bEl graduado, _c1995. |
||
| 300 |
_a105 p. ; _c13 cm. |
||
| 020 | _a9504361064 | ||
| 100 | 1 | _aMiroli, Alfredo. | |
| 080 | _a616.97 | ||
| 084 | _aM63 | ||
| 653 | _aSida | ||
| 653 | _aVirus | ||
| 653 | _aInfección | ||
| 653 | _aSangre | ||
| 653 | _aDroga | ||
| 653 | _aSexo | ||
| 653 | _aPrevención | ||
| 653 | _aFormación | ||
| 653 | _aSalud | ||
| 040 |
_aAR-ClEAG _cAR-ClEAG |
||
| 005 | 20241107184623.0 | ||
| 003 | AR-ClEAG | ||
| 942 | _cBK | ||
| 999 |
_c63 _d63 |
||
| 980 |
_62 _aEvangelina Gallicchio _82 _gEvangelina Gallicchio |
||